| 000 | 01441cam a2200397 i 4500 | ||
|---|---|---|---|
| 001 | ocn857982281 | ||
| 003 | OCoLC | ||
| 005 | 20250905054239.0 | ||
| 008 | 140905s2015 nyu d 000 1 eng | ||
| 010 | _a 2014032294 | ||
| 020 | _a9781250049827 (paperback) | ||
| 020 | _a1250049822 (paperback) | ||
| 020 | _a9781250066084 (hardcover) | ||
| 020 | _a1250066085 (hardcover) | ||
| 020 | _z9781466850774 (e-book) | ||
| 035 | _a(OCoLC)857982281 | ||
| 035 | _a1250624 | ||
| 040 |
_aDLC _beng _erda _cDLC _dIG# _dBTCTA _dBDX _dUPZ _dJBL |
||
| 042 |
_apcc _alcac |
||
| 100 | 1 | _aHocking, Amanda. | |
| 245 | 1 | 0 |
_aFrostfire / _cAmanda Hocking. |
| 250 | _aFirst edition. | ||
| 264 | 1 |
_aNew York : _bSt. Martin's Griffin, _c2015. |
|
| 300 |
_a321 pages ; _c21 cm. |
||
| 336 |
_atext _2rdacontent. |
||
| 337 |
_aunmediated _2rdamedia. |
||
| 338 |
_avolume _2rdacarrier. |
||
| 490 | 1 |
_aThe Kanin chronicles ; _vbook 1. |
|
| 520 | _aTracker Bryn Aven's goal of becoming a member of the elite King's Guard is threatened when she is sent to stop Konstantin, a fallen hero who she once secretly loved, who appears to be kidnapping changelings. | ||
| 650 | 0 | _aYoung adult fiction. | |
| 655 | 7 |
_aFantasy fiction. _2lcgft. |
|
| 800 | 1 |
_aHocking, Amanda. _tKanin chronicles ; _vbk. 1. |
|
| 856 | 4 | 2 |
_3Cover image _uhttp://www.netread.com/jcusers2/bk1388/827/9781250049827/image/lgcover.9781250049827.jpg |
| 907 | _a.b32812557x | ||
| 942 | _cBK | ||
| 999 |
_c31143 _d31141 |
||